| 000 | 00525cam a22001811 4500 | ||
|---|---|---|---|
| 082 |
_a624.1821 _bMOO _cL-20, P-63 |
||
| 100 | 1 |
_aMoon, A. Ramsay _943060 |
|
| 245 | 1 | 4 | _aThe design of welded steel structures. |
| 250 | _a2d ed. | ||
| 260 |
_aLondon, _bI. Pitman, _c1948. |
||
| 300 |
_aviii, 134 p. _billus. (part fold.) |
||
| 526 |
_a0 _b0 _c0 _d624_182100000000000_MOO |
||
| 650 | 0 | _aBuilding, Iron and steel. | |
| 650 | 0 |
_aElectric welding. _943061 |
|
| 650 | 0 |
_aMCE _9379 |
|
| 650 | 0 | _aSteel, Structural. | |
| 942 |
_2ddc _cBK |
||
| 999 |
_c546856 _d546856 |
||